LDR 00688naa#a2200205#i#450# 001 EN\\bibl\121277 005 20260502034820.6 011 ## _a1994-4683 100 ## _a20230803b2023####ek#y0engy0150####ca 102 ## _aRU 200 1# _aTRAINING PROCESS MANAGEMENT IN STUDENT HOCKEY TEAM ON THE BASIS OF STUDYING THE BIOENERGY PROFILE OF PLAYERS _eJournal article 210 1# _aMoscow _cNational State University of Physical Education, Sports and Health named after P.F. Lesgaft _d2023 215 ## _a7 с. 608 ## _aJournal article _2local 675 ## _aХоккей на льду с шайбой. 796.966 _z 700 #1 _a _g 700 #1 _a _g 700 #1 _a _g 700 #1 _a _g 856 4# _auchzapiski.lesgaft.spb.ru _u